| 000 | 00439nam a22001697a 4500 | ||
|---|---|---|---|
| 005 | 20180725153329.0 | ||
| 008 | 160624b xxu||||| |||| 00| 0 eng d | ||
| 020 | _a978-81-317-2121-6 | ||
| 041 | _aeng | ||
| 082 |
_b9697 _a658.3 |
||
| 100 |
_aRobbins, Stephen P. AND Judge, Timothy P. _94627 |
||
| 245 | _aOrganization and Behaviour | ||
| 260 |
_aDelhi _bPearson Education |
||
| 300 | _a747p, | ||
| 650 |
_aManagement _9241 |
||
| 942 | _cBK | ||
| 999 |
_c3777 _d3776 |
||